Проектирование и организация машинной обработки учетно-экономической информации: учебное пособие; Ч. 2; Машинная обработка учетно-экономической информации

Dades bibliogràfiques
Autor principal: Застенкер Г. С. Григорий Семенович
Idioma:rus
Publicat: Москва, Статистика, 1978
Edició:3-е изд., перераб. и доп.
Col·lecció:Пособия для работников машиносчетных станций
Matèries:
Format: MixedMaterials Llibre
KOHA link:https://koha.lib.tpu.ru/cgi-bin/koha/opac-detail.pl?biblionumber=322815

MARC

LEADER 00000nam0a2200000 4500
001 322815
005 20231102003517.0
035 |a (RuTPU)RU\TPU\book\348373 
035 |a RU\TPU\book\301644 
090 |a 322815 
100 |a 20161005d1978 m y0rusy5003 ca 
101 0 |a rus 
102 |a RU 
105 |a a j 000zy 
200 1 |a Проектирование и организация машинной обработки учетно-экономической информации  |h Ч. 2  |i Машинная обработка учетно-экономической информации  |e учебное пособие  |f Г. С. Застенкер 
205 |a 3-е изд., перераб. и доп. 
210 |a Москва  |c Статистика  |d 1978 
215 |a 312 с.  |c ил. 
225 1 |a Пособия для работников машиносчетных станций 
606 1 |a Экономическая информация в промышленности  |x Обработка  |2 stltpush  |3 (RuTPU)RU\TPU\subj\26577  |9 50472 
606 1 |a Экономическая информация  |x Обработка на вычислительных машинах  |2 stltpush  |3 (RuTPU)RU\TPU\subj\26574  |9 50470 
610 1 |a обработка 
610 1 |a ЭВМ 
610 1 |a проектирование 
610 1 |a носители 
610 1 |a экономическая эффективность 
610 1 |a управление 
610 1 |a машинная обработка 
610 1 |a информация 
610 1 |a технико-экономическое планирование 
610 1 |a оперативное управление 
610 1 |a заработная плата 
610 1 |a учет 
610 1 |a готовая продукция 
610 1 |a сельское хозяйство 
610 1 |a строительство 
610 1 |a бюджетные организации 
610 1 |a государственная статистика 
610 1 |a учебное пособие 
675 |a 658.012.011.56:681.3.01(075.32)  |v 3 
686 |a Ув6с51я7  |2 rubbk 
700 1 |a Застенкер  |b Г. С.  |g Григорий Семенович  |4 070 
801 0 |a RU  |b 63413507  |c 19950704  |g psbo 
801 1 |a RU  |b 63413507  |c 20141211 
801 2 |a RU  |b 63413507  |c 20220825  |g RCR 
942 |c BK